| 000 | 01549nam a2200301 a 4500 | ||
|---|---|---|---|
| 001 | BRCA_2762 | ||
| 005 | 20190320203946.0 | ||
| 008 | 051208s1902----fr-a---###---#000-0dspa-u | ||
| 041 | _aspa | ||
| 044 | _afr | ||
| 084 |
_a242 _b.G376 _c1902 |
||
| 100 | 1 |
_aCervantes Saavedra, Miguel de _d1547-1616 _9213 |
|
| 245 | 1 | 0 |
_aEl Ingenioso Hidalgo Don Quijote de la Mancha _ccompuesto por Miguel de Cervantes Saavedra. |
| 260 |
_aParís _bGarnier hermanos _c1902 |
||
| 300 |
_axliv, 776 p. _bil. _c19 cm. |
||
| 500 | _aContenido : Primera parte. Retrato de Cervantes. Vida de Cervantes refundición de la escrita por Aribau. Dedicatoria del autor. Prólogo del autor. Texto. Segunda parte. Dedicatoria del autor. Prólogo del autor. Texto | ||
| 500 | _aEdición : Edición conforme la última corregida por la Academia Española, con la vida del autor y notas para la buena inteligencia del texto | ||
| 500 | _aUna de tantas ediciones de los mismos editores, con la vida del autor, refundición de la escrita por Aribau. De tamaño menor. Tela; lomo y planos dorados con adornos y asuntos quijotes dorados negros Lúdovik Osterc | ||
| 500 | _aCon ex-libris : Sello de John Sihemeies | ||
| 500 | _aQM226A | ||
| 650 | 1 | 4 |
_aNovela española _yÉpoca clásica, 1500-1700 _9215 |
| 650 | 1 | 4 |
_aLiteratura española _yÉpoca clásica, 1500-1700 _9216 |
| 650 | 1 | 4 |
_aNovela española _ySiglo XVII _9217 |
| 650 | 1 | 4 |
_aDon Quijote (Personaje ficticio) _eNovela _9218 |
| 740 | 0 | _aEl Ingenioso Hidalgo Don Quijote de la Mancha | |
| 902 | _aQFM | ||
| 942 |
_2lcc _cB |
||
| 999 |
_c2502 _d2502 |
||